Hệ thống cung cấp điện. T.2 /
Bảo vệ chống quá điện áp trong hệ thống điện. Nâng cao chất lượng điện và hiệu quả sử dụng điện. Độ tin cậy cung cấp điện. Chế độ làm việc kinh tế của mạng điện. Kỹ thuật chiếu sáng. An toàn điện.
Na minha lista:
| Autor principal: | |
|---|---|
| Formato: | Livro |
| Idioma: | Vietnamese |
| Publicado em: |
Hà Nội :
Khoa học và kỹ thuật,
2005.
|
| Assuntos: | |
| Tags: |
Adicionar Tag
Sem tags, seja o primeiro a adicionar uma tag!
|
| Thư viện lưu trữ: | Mạng thư viện Đại học Đà Nẵng |
|---|
| LEADER | 02075cam a2200397 a 4500 | ||
|---|---|---|---|
| 001 | 000043675 | ||
| 003 | 1707 | ||
| 005 | 20220629160013.0 | ||
| 008 | 010217b2005 vm 000 vie | ||
| 020 | |c 49000 | ||
| 040 | |a LRCC |c LRCC |d LRCC | ||
| 041 | 0 | |a vie | |
| 082 | 1 | 4 | |a 621.31 |b TR-K |
| 100 | 1 | |a Trần Quang Khánh, |c TS. | |
| 245 | 1 | 0 | |a Hệ thống cung cấp điện. |n T.2 / |c Trần Quang Khánh. |
| 264 | 1 | |a Hà Nội : |b Khoa học và kỹ thuật, |c 2005. | |
| 300 | |a 285 tr. : |b mh. ; |c 27 cm. | ||
| 520 | 3 | |a Bảo vệ chống quá điện áp trong hệ thống điện. Nâng cao chất lượng điện và hiệu quả sử dụng điện. Độ tin cậy cung cấp điện. Chế độ làm việc kinh tế của mạng điện. Kỹ thuật chiếu sáng. An toàn điện. | |
| 526 | 0 | |a Kỹ thuật điện | |
| 630 | 0 | 4 | |a Điện. |
| 650 | 0 | 4 | |a Điện |x Cấu trúc. |
| 650 | 0 | 4 | |a Điện |x Hệ thống cung cấp. |
| 910 | |a ntlquyen | ||
| OWN | |a DUT | ||
| AVA | |a UDN50 |b DUT |c Book |d 621.31 TR-K |e check_holdings |t Error 5003 Not defined in file expand_doc_bib_avail. |h N |j SH |k 1 | ||
| Z40 | 3 | |y Hệ thống cung cấp điện.T.2 |l Library of DUT |t VIEW |x http://catalog.udn.vn:80/F?func=service&doc_library=UDN01&local_base=UDN01&doc_number=000043675&sequence=000001&line_number=0001&func_code=DB_RECORDS&service_type=MEDIA |f HTCungcapdien_T2_000017250.pdf |e pdf |s 036431169 |k 20220629 |m NTLQUYEN | |
| 999 | |a From the UDN01 | ||
| AVA | |a UDN50 |b DUT |c Book |d 621.31 TR-K |e available |t Error 5001 Not defined in file expand_doc_bib_avail. |f 99 |g 5 |h N |i 80 |j SH |k 1 | ||
| TYP | |a Monograph | ||
| TYP | |a Printed language | ||
| 856 | |y Hệ thống cung cấp điện.T.2 |l Library of DUT |t VIEW |x http://catalog.udn.vn:80/F?func=service&doc_library=UDN01&local_base=UDN01&doc_number=000043675&sequence=000001&line_number=0001&func_code=DB_RECORDS&service_type=MEDIA |f HTCungcapdien_T2_000017250.pdf |e pdf |s 036431169 |k 20220629 |m NTLQUYEN | ||
| 980 | |a Mạng thư viện Đại học Đà Nẵng | ||